|
|
|
|
| LEADER |
01151nam a2200289 a 4500 |
| 001 |
16909211 |
| 008 |
120109s2011 nyua 001 0 eng d |
| 010 |
|
|
|a 2011290799
|
| 020 |
|
|
|a 9781935182351
|
| 020 |
|
|
|a 1935182358
|
| 040 |
|
|
|a DLC
|c DLC
|d DLC
|d BD-DhAAL
|
| 082 |
0 |
0 |
|a 005.133
|2 22
|
| 100 |
1 |
|
|a Walls, Craig.
|
| 245 |
1 |
0 |
|a Spring in action /
|c Craig Walls.
|
| 250 |
|
|
|a 3rd ed.
|
| 260 |
|
|
|a Shelter Island :
|b Manning,
|c c2011.
|
| 300 |
|
|
|a xxiii, 400 p. :
|b ill. ;
|c 24 cm.
|
| 500 |
|
|
|a Includes index.
|
| 500 |
|
|
|a "Covers Spring 3.0"--Cover.
|
| 541 |
1 |
|
|e 00024178
|
| 650 |
|
0 |
|a Java (Computer program language)
|
| 650 |
|
0 |
|a Application software
|x Development.
|
| 852 |
1 |
|
|a Ayesha Abed Library
|j General shelf
|
| 856 |
4 |
2 |
|3 Contributor biographical information
|u http://www.loc.gov/catdir/enhancements/fy1114/2011290799-b.html
|
| 856 |
4 |
2 |
|3 Publisher description
|u http://www.loc.gov/catdir/enhancements/fy1114/2011290799-d.html
|
| 999 |
|
|
|c 11739
|d 11739
|
| 952 |
|
|
|0 0
|1 0
|4 0
|6 005_133000000000000_WAL
|7 0
|9 19073
|a BRACUL
|b BRACUL
|c GEN
|d 2012-01-09
|e Riza Enterprise
|g 5800.00
|l 5
|m 49
|o 005.133 WAL
|p 3010024178
|r 2018-05-09
|s 2018-03-06
|t 1
|w 2012-01-09
|y BK
|